Greguerías

Furkejuvvon:
Bibliográfalaš dieđut
Váldodahkki: Gómez de la Serna, Ramón
Materiálatiipa: Girji
Giella:Undetermined
Almmustuhtton: Madrid, España CATEDRA 1983
Preanttus:3
Fáttát:
Fáddágilkorat: Lasit fáddágilkoriid
Eai fáddágilkorat, Lasit vuosttaš fáddágilkora!

MARC

LEADER 00000nam a2200000Ia 4500
008 170316s9999 xx 000 0 und d
040 |a cru BVZT 
090 |a 862 G-29gre 
100 |a Gómez de la Serna, Ramón 
245 |a Greguerías 
250 |a 3 
260 |a Madrid, España  |b CATEDRA  |c 1983 
300 |a 260 páginas 
650 |a LITERATURA ESPAÑOLA 
999 |c 9909  |d 9909 
942 |c 15 D  |h 862 G-29gre  |2 z